[Event "17PCR_ZK12"]
[Site "?"]
[Date "2007.??.??"]
[Round "1"]
[White "Bultman, Milan"]
[Black "Klimecky, Tomas"]
[Result "1-0"]
[WhiteElo "2099"]
[BlackElo "1744"]
[PlyCount "29"]
[EventDate "2007.??.??"]
[EventType "corr"]
[EventRounds "2"]
[SourceDate "2007.06.28"]

1. d4 c6 2. e4 d5 3. Nc3 dxe4 4. Nxe4 g6 5. Bc4 Bg7 6. Nf3 Nf6 7. Nxf6+ exf6 8.
Qe2+ Qe7 9. Qxe7+ Kxe7 10. O-O Be6 11. Re1 Nd7 12. b3 Nb6 13. Bd3 Kd7 14. c4
Bg4 15. Be2 1-0

[Event "17PCR_ZK12"]
[Site "?"]
[Date "2007.??.??"]
[Round "2"]
[White "Klimecky, Tomas"]
[Black "Bultman, Milan"]
[Result "0-1"]
[WhiteElo "1744"]
[BlackElo "2099"]
[PlyCount "26"]
[EventDate "2007.??.??"]
[EventType "corr"]
[EventRounds "2"]
[SourceDate "2007.06.28"]

1. e4 c5 2. Nc3 Nc6 3. g3 e6 4. Bg2 Nf6 5. d3 Be7 6. f4 d5 7. e5 Nd7 8. Nf3 b5
9. O-O b4 10. Ne2 a5 11. a3 Ba6 12. Be3 O-O 13. Qd2 Qc7 0-1

[Event "17PCR_ZK12"]
[Site "?"]
[Date "2007.??.13"]
[Round "1"]
[White "Binas, Jindrich"]
[Black "Kyhos, Alois"]
[Result "1-0"]
[WhiteElo "2021"]
[BlackElo "1951"]
[PlyCount "53"]
[EventDate "2007.??.??"]
[EventType "corr"]
[EventRounds "2"]
[SourceDate "2007.06.28"]

1. e4 e5 2. Nf3 Nc6 3. d4 exd4 4. Nxd4 Bc5 5. Be3 Qf6 6. c3 Nge7 7. g3 Nxd4 8.
cxd4 Bb4+ 9. Nc3 Qc6 10. Qd3 d5 11. Bg2 O-O 12. a3 Bxc3+ 13. bxc3 Be6 14. O-O
dxe4 15. Bxe4 Bd5 16. Bxd5 Nxd5 17. Bd2 Rad8 18. c4 Qa6 19. Rfe1 Rfe8 20. Qb3
Nf6 21. Rxe8+ Rxe8 22. d5 Re4 23. Rc1 Nd7 24. Bf4 c6 25. Rb1 Qxc4 26. Qxc4 Rxc4
27. Rxb7 1-0

[Event "17PCR_ZK12"]
[Site "?"]
[Date "2007.??.??"]
[Round "2"]
[White "Kyhos, Alois"]
[Black "Binas, Jindrich"]
[Result "0-1"]
[WhiteElo "1951"]
[BlackElo "2021"]
[PlyCount "76"]
[EventDate "2007.??.??"]
[EventType "corr"]
[EventRounds "2"]
[SourceDate "2007.06.28"]

1. e4 e5 2. Nf3 Nc6 3. Bb5 a6 4. Ba4 Nf6 5. O-O Be7 6. Re1 b5 7. Bb3 O-O 8. c3
d5 9. exd5 Nxd5 10. Nxe5 Nxe5 11. Rxe5 c6 12. d4 Bd6 13. Re1 Qh4 14. g3 Qh3 15.
Nd2 Bg4 16. Nf3 Rae8 17. Rxe8 Rxe8 18. Ng5 Bxd1 19. Nxh3 Re1+ 20. Kg2 Be2 21.
Ng1 Bf1+ 22. Kh1 Bh3 23. Bc2 c5 24. a3 cxd4 25. cxd4 Bc8 26. Kg2 Bb7 27. Nf3
Ne3+ 28. fxe3 Re2+ 29. Kf1 Rxc2 30. Nd2 f5 31. Ke2 Be4 32. b4 h6 33. Kd1 Bd3
34. a4 Bxb4 35. axb5 axb5 36. Ra8+ Kh7 37. h4 Rc6 38. Nf3 Be4 0-1

[Event "17PCR_ZK12"]
[Site "?"]
[Date "2007.??.??"]
[Round "1"]
[White "Binas, Jindrich"]
[Black "Luksa, Ales"]
[Result "1/2-1/2"]
[WhiteElo "2021"]
[BlackElo "1800"]
[PlyCount "58"]
[EventDate "2007.??.??"]
[EventType "corr"]
[EventRounds "2"]
[SourceDate "2007.06.28"]

1. e4 c5 2. Nf3 Nc6 3. d4 cxd4 4. Nxd4 Nf6 5. Nc3 e5 6. Ndb5 d6 7. Bg5 a6 8.
Na3 b5 9. Bxf6 gxf6 10. Nd5 f5 11. c3 Bg7 12. exf5 Bxf5 13. Nc2 O-O 14. Nce3
Be6 15. Bd3 f5 16. O-O e4 17. Nf4 Bf7 18. Bc2 Be5 19. g3 Bxf4 20. gxf4 Qf6 21.
Bb3 Kh8 22. Kh1 d5 23. Nxd5 Qh6 24. Qd2 Rad8 25. Rg1 Bh5 26. Bd1 Rg8 27. Rxg8+
Rxg8 28. Bxh5 Qxh5 29. Qd1 Qh3 1/2-1/2

[Event "17PCR_ZK12"]
[Site "?"]
[Date "2007.??.??"]
[Round "2"]
[White "Luksa, Ales"]
[Black "Binas, Jindrich"]
[Result "0-1"]
[WhiteElo "1800"]
[BlackElo "2021"]
[PlyCount "48"]
[EventDate "2007.??.??"]
[EventType "corr"]
[EventRounds "2"]
[SourceDate "2007.06.28"]

1. e4 c5 2. c3 Nf6 3. e5 Nd5 4. d4 cxd4 5. cxd4 d6 6. Nf3 e6 7. Bc4 Nc6 8. O-O
Be7 9. exd6 Qxd6 10. Nc3 O-O 11. Re1 Nxc3 12. bxc3 b6 13. Bd3 Bb7 14. Qc2 g6
15. Bh6 Rfc8 16. Qd2 Na5 17. Ne5 f6 18. Ng4 Nc4 19. Qe2 Bd5 20. Be4 Bxe4 21.
Qxe4 f5 22. Qxe6+ Qxe6 23. Rxe6 Kf7 24. Rae1 Re8 0-1

[Event "17PCR_ZK12"]
[Site "?"]
[Date "2007.??.??"]
[Round "1"]
[White "Binas, Jindrich"]
[Black "Klimecky, Tomas"]
[Result "1-0"]
[WhiteElo "2021"]
[BlackElo "1744"]
[PlyCount "23"]
[EventDate "2007.??.??"]
[EventType "corr"]
[EventRounds "2"]
[SourceDate "2007.06.28"]

1. e4 c6 2. d4 d5 3. Nc3 dxe4 4. Nxe4 g6 5. Bc4 Bg7 6. Nf3 Nf6 7. Nxf6+ exf6 8.
Qe2+ Qe7 9. Qxe7+ Kxe7 10. O-O Be6 11. Re1 Nd7 12. b3 1-0

[Event "17PCR_ZK12"]
[Site "?"]
[Date "2007.??.??"]
[Round "2"]
[White "Klimecky, Tomas"]
[Black "Binas, Jindrich"]
[Result "0-1"]
[WhiteElo "1744"]
[BlackElo "2021"]
[PlyCount "24"]
[EventDate "2007.??.??"]
[EventType "corr"]
[EventRounds "2"]
[SourceDate "2007.06.28"]

1. e4 e5 2. Nf3 Nc6 3. d4 exd4 4. Nxd4 Bc5 5. Nb3 Bb4+ 6. Bd2 Nf6 7. Bxb4 Nxb4
8. e5 Qe7 9. Qe2 Nfd5 10. g3 O-O 11. Bg2 Nb6 12. Nc3 d6 0-1

[Event "17PCR_ZK12"]
[Site "?"]
[Date "2007.??.??"]
[Round "1"]
[White "Kyhos, Alois"]
[Black "Luksa, Ales"]
[Result "1-0"]
[WhiteElo "1951"]
[BlackElo "1800"]
[PlyCount "45"]
[EventDate "2007.??.??"]
[EventType "corr"]
[EventRounds "2"]
[SourceDate "2007.06.28"]

1. e4 c5 2. c3 Nc6 3. Nf3 Nf6 4. d3 d5 5. e5 Nd7 6. d4 e6 7. Be2 f6 8. exf6
Nxf6 9. Be3 cxd4 10. cxd4 Bd6 11. Nc3 O-O 12. O-O Bd7 13. Rc1 Rc8 14. Bd3 a6
15. h3 b5 16. a4 b4 17. Ne2 a5 18. Re1 Qc7 19. Ba6 Ra8 20. Bb5 Rac8 21. Ng5 Qb8
22. Nxe6 Bxe6 23. Rxc6 1-0

[Event "17PCR_ZK12"]
[Site "?"]
[Date "2007.??.??"]
[Round "2"]
[White "Luksa, Ales"]
[Black "Kyhos, Alois"]
[Result "0-1"]
[WhiteElo "1800"]
[BlackElo "1951"]
[PlyCount "50"]
[EventDate "2007.??.??"]
[EventType "corr"]
[EventRounds "2"]
[SourceDate "2007.06.28"]

1. e4 e5 2. Nf3 Nc6 3. Bc4 Nf6 4. d3 Be7 5. O-O O-O 6. c3 d6 7. Qe2 Na5 8. Bb5
c6 9. Ba4 Qc7 10. Bc2 b6 11. Re1 Be6 12. Nbd2 Rad8 13. Nf1 Rfe8 14. b4 Nb7 15.
a3 a5 16. Ng3 b5 17. Bd2 Ra8 18. d4 Reb8 19. Nf5 Bxf5 20. exf5 exd4 21. c4 d3
22. Bxd3 bxc4 23. Bxc4 Bf8 24. Bc3 d5 25. Bd3 Nd6 0-1

[Event "17PCR_ZK12"]
[Site "?"]
[Date "2007.??.??"]
[Round "1"]
[White "Kyhos, Alois"]
[Black "Klimecky, Tomas"]
[Result "1-0"]
[WhiteElo "1951"]
[BlackElo "1744"]
[PlyCount "99"]
[EventDate "2007.??.??"]
[EventType "corr"]
[EventRounds "2"]
[SourceDate "2007.06.28"]

1. e4 c6 2. d4 d5 3. Nc3 dxe4 4. Nxe4 g6 5. Bc4 Bg7 6. Nf3 Nf6 7. Neg5 O-O 8.
Ne5 Nd5 9. Ngf3 Nd7 10. O-O Nxe5 11. Nxe5 Qd6 12. Re1 Be6 13. Bb3 c5 14. Nf3
Rad8 15. c3 c4 16. Bc2 b5 17. Qe2 b4 18. Bd2 Bg4 19. Be4 f5 20. Bxd5+ Qxd5 21.
Bf4 Bxf3 22. gxf3 Rd7 23. Rac1 Rc8 24. cxb4 Bxd4 25. Rcd1 Qf7 26. Be5 Rcd8 27.
Bxd4 Rxd4 28. Rxd4 Rxd4 29. a4 Rd7 30. b5 Qd5 31. Rc1 Rc7 32. Rd1 Qc5 33. Qe6+
Kg7 34. Rd5 Qb6 35. Qe5+ Kf7 36. Rd8 c3 37. bxc3 Qc5 38. Qh8 Qxc3 39. Qg8+ Kf6
40. Kg2 Qc1 41. Qh8+ Ke6 42. h4 Qh6 43. Qd4 Kf7 44. Qd5+ Kf6 45. Rd6+ Kg7 46.
Qe5+ Kf7 47. Rf6+ exf6 48. Qxc7+ Ke6 49. Qxa7 Qxh4 50. Qb6+ 1-0

[Event "17PCR_ZK12"]
[Site "?"]
[Date "2007.??.??"]
[Round "2"]
[White "Klimecky, Tomas"]
[Black "Kyhos, Alois"]
[Result "1/2-1/2"]
[WhiteElo "1744"]
[BlackElo "1951"]
[PlyCount "53"]
[EventDate "2007.??.??"]
[EventType "corr"]
[EventRounds "2"]
[SourceDate "2007.06.28"]

1. e4 e5 2. Nf3 Nc6 3. d4 exd4 4. Nxd4 Bc5 5. Nb3 Bb6 6. Nc3 Qf6 7. Qe2 Nge7 8.
Be3 O-O 9. O-O-O d6 10. h4 Be6 11. f3 Bxe3+ 12. Qxe3 a5 13. Nd2 Rad8 14. Bb5 d5
15. exd5 Nxd5 16. Nxd5 Rxd5 17. Ne4 Rxd1+ 18. Rxd1 Qxh4 19. Nc5 Bc8 20. Bxc6
bxc6 21. Rd4 Qg3 22. Rd1 h6 23. Rd2 Bf5 24. a3 Rb8 25. b3 h5 26. Kb2 h4 27. Na4
1/2-1/2